000
003280000a22001570004500
001
000020
003
MACL
040
_a
MACL
090
_c
20
_d
20
100
_a
Win, Verrier
245
_a
Nagaland
_c
Verrier Win
260
_a
Spectrum Publications,
_c
1997
350
_a
425
650
_a
Pribal Communities
942
_k
308
_c
Book
999
_c
49327
_d
49327